[Event "Collado Villalba op 40th"]
[Site "Collado Villalba"]
[Date "2023.08.23"]
[Round "2"]
[White "Castellanos Bogalo, Antonio"]
[Black "Serrano Ruiz, Lope"]
[Result "1-0"]
[WhiteElo "1960"]
[BlackElo "2059"]
[PlyCount "75"]
[EventDate "2023.08.22"]
[EventType "swiss"]
[EventRounds "9"]
[EventCountry "ESP"]
[SourceTitle "EXT 2024"]
[Source "ChessBase"]
[SourceDate "2023.10.10"]
[SourceVersion "1"]
[SourceVersionDate "2023.10.10"]
[SourceQuality "1"]

1. e4 g6 2. d4 Bg7 3. c3 d6 4. Nf3 Nf6 5. Bd3 0-0 6. 0-0 Nc6 7. Qe2 e5 8. dxe5 Nxe5 9. Nxe5 dxe5 10. Na3 Nh5 11. g3 Be6 12. Be3 Qe7 13. b4 Rfd8 14. Nc4 Qe8 15. Rfd1 f5 16. f3 f4 17. g4 fxe3 18. gxh5 Qf7 19. Nxe3 Rf8 20. hxg6 hxg6 21. Rf1 Bh6 22. Ng4 Bf4 23. Bc2 Bxa2 24. Nf6+ Kg7 25. Nd5 Bxd5 26. exd5 Rh8 27. Rf2 Rh4 28. Rg2 g5 29. Qd3 a6 30. Re1 Rh3 31. Ree2 Rxf3 32. Qxf3 Bxh2+ 33. Kf2 Bf4 34. Rxe5 Rf8 35. Rf5 Qg6 36. Qxf4 Kh6 37. Rh2+ Kg7 38. Qxc7+ 1-0

[Event "ESP-ch Seniors 50"]
[Site "Altea"]
[Date "2021.11.02"]
[Round "4"]
[White "Castellanos Bogalo, Antonio"]
[Black "Gonzalez Valero, Julio"]
[Result "0-1"]
[WhiteElo "1929"]
[BlackElo "2241"]
[PlyCount "61"]
[EventDate "2021.10.31"]
[EventType "swiss"]
[EventRounds "9"]
[EventCountry "ESP"]
[SourceTitle "CBM 205 Extra"]
[Source "ChessBase"]
[SourceDate "2022.01.31"]
[SourceVersion "1"]
[SourceVersionDate "2022.01.31"]
[SourceQuality "1"]

1. e4 c5 2. d4 cxd4 3. c3 Nf6 4. e5 Nd5 5. Nf3 Nc6 6. Bc4 Nb6 7. Bb3 d5 8. exd6 e6 9. Na3 a6 10. Bf4 Bxd6 11. Bxd6 Qxd6 12. 0-0 0-0 13. cxd4 Bd7 14. Qe2 Nb4 15. Ne5 Rad8 16. Rad1 Bc6 17. Nac4 Nxc4 18. Bxc4 Bd5 19. a3 b5 20. axb4 bxc4 21. Nxc4 Qxb4 22. Ne3 Bc6 23. Qd2 Rb8 24. Qxb4 Rxb4 25. Rd2 g6 26. Rc1 Bb7 27. f3 Rd8 28. Rc7 h5 29. Nc4 Rc8 30. Rxc8+ Bxc8 31. Kf2 0-1

[Event "ESP-ch 84th"]
[Site "Marbella"]
[Date "2019.11.18"]
[Round "3"]
[White "Castellanos Bogalo, Antonio"]
[Black "Garcia Romero, Benjamin Abel"]
[Result "0-1"]
[WhiteElo "1915"]
[BlackElo "2234"]
[PlyCount "30"]
[EventDate "2019.11.16"]
[EventType "swiss"]
[EventRounds "9"]
[EventCountry "ESP"]
[SourceTitle "CBM 193 Extra"]
[Source "ChessBase"]
[SourceDate "2020.01.31"]
[SourceVersion "1"]
[SourceVersionDate "2020.01.31"]
[SourceQuality "1"]

1. e4 e5 2. Nf3 Nc6 3. Nc3 Nf6 4. a3 g6 5. d4 exd4 6. Nd5 Bg7 7. Bd3 d6 8. h3 0-0 9. Bg5 Be6 10. c4 dxc3 11. Nxc3 h6 12. Bf4 Nh5 13. Bh2 Nd4 14. g4 Bb3 15. Qxb3 Nxb3 0-1

[Event "Famalicao op 6th"]
[Site "Famalicao"]
[Date "2018.07.30"]
[Round "2"]
[White "Galego, Luis"]
[Black "Castellanos Bogalo, Antonio"]
[Result "1-0"]
[WhiteElo "2471"]
[BlackElo "1943"]
[PlyCount "63"]
[EventDate "2018.07.29"]
[EventType "swiss"]
[EventRounds "9"]
[EventCountry "POR"]
[SourceTitle "CBM 185 Extra"]
[Source "ChessBase"]
[SourceDate "2018.07.29"]
[SourceVersion "1"]
[SourceVersionDate "2018.07.29"]
[SourceQuality "1"]

1. e4 e5 2. Nf3 Nc6 3. Bc4 Nf6 4. d3 Be7 5. Nc3 d6 6. a4 0-0 7. a5 a6 8. h3 Be6 9. 0-0 Qd7 10. Re1 Rae8 11. Bd2 Kh8 12. Nd5 Bd8 13. Nxf6 gxf6 14. Bxe6 fxe6 15. Ra3 f5 16. Rb3 Rg8 17. Kh2 d5 18. Qe2 Qc8 19. c4 d4 20. Ra3 Bf6 21. b4 Qd7 22. Rb3 Qg7 23. Rg1 Qg6 24. b5 Nd8 25. c5 axb5 26. Rxb5 c6 27. Rb6 Qh5 28. Nxd4 Qf7 29. Nf3 Qe7 30. Bc3 Qxc5 31. Qb2 Bg7 32. Bb4 1-0

[Event "Ferrol op 31th"]
[Site "Ferrol"]
[Date "2016.07.22"]
[Round "5"]
[White "Castellanos Bogalo, Antonio"]
[Black "Varela Peteira, David"]
[Result "1/2-1/2"]
[WhiteElo "2011"]
[BlackElo "1647"]
[PlyCount "79"]
[EventDate "2016.07.18"]
[EventType "swiss"]
[EventRounds "9"]
[EventCountry "ESP"]
[SourceTitle "EXT 2024"]
[Source "ChessBase"]
[SourceDate "2023.10.10"]
[SourceVersion "1"]
[SourceVersionDate "2023.10.10"]
[SourceQuality "1"]

1. e4 d5 2. exd5 Qxd5 3. Ne2 Nf6 4. Nbc3 Qd6 5. g3 c6 6. Bg2 g6 7. d4 Bg7 8. Bf4 Qb4 9. Rb1 0-0 10. 0-0 Be6 11. Bc7 Nd5 12. Nxd5 cxd5 13. Nf4 Qxd4 14. Qe2 Bf5 15. Nxd5 Nc6 16. Ne3 Be6 17. b3 Qd7 18. Bf4 Nd4 19. Qd3 Bh3 20. Bxh3 Qxh3 21. Ng2 e5 22. c3 e4 23. Qxe4 Rfe8 24. Qxb7 Ne2+ 25. Kh1 Nxc3 26. Rbe1 Rad8 27. Re7 Rxe7 28. Qxe7 Qd7 29. Qxd7 Rxd7 30. Re1 f6 31. a3 Rd1 32. Be3 a6 33. Kg1 Bf8 34. Rxd1 Nxd1 35. Bd4 Bxa3 36. Bxf6 Bc5 37. Ne3 Nxe3 38. fxe3 Bxe3+ 39. Kg2 Kf7 40. Bc3 1/2-1/2

[Event "Platja d'Aro op 4th"]
[Site "Platja d'Aro"]
[Date "2016.07.01"]
[Round "8"]
[White "Castellanos Bogalo, Antonio"]
[Black "Lorca Cortada, David"]
[Result "1/2-1/2"]
[WhiteElo "2011"]
[BlackElo "2047"]
[PlyCount "136"]
[EventDate "2016.06.25"]
[EventType "swiss"]
[EventRounds "9"]
[EventCountry "ESP"]
[SourceTitle "EXT 2017"]
[Source "ChessBase"]
[SourceDate "2016.10.25"]
[SourceVersion "1"]
[SourceVersionDate "2016.10.25"]
[SourceQuality "1"]

1. e4 c5 2. d4 cxd4 3. c3 Nf6 4. e5 Nd5 5. Nf3 e6 6. cxd4 d6 7. a3 Nb6 8. Bd3 Nc6 9. 0-0 Be7 10. Nc3 Bd7 11. b4 d5 12. Qe2 Rc8 13. Bd2 h6 14. Rfd1 Nb8 15. h3 Na4 16. Nxa4 Bxa4 17. Rdc1 Rxc1+ 18. Rxc1 Nd7 19. Bb5 Bxb5 20. Qxb5 Qb8 21. Ne1 a6 22. Qa4 Qd8 23. Nd3 0-0 24. Nb2 f6 25. exf6 Nxf6 26. Qc2 Bd6 27. Nd3 Ne4 28. Be3 Bb8 29. Qe2 Qd7 30. Qg4 Nf6 31. Nc5 Qc7 32. Qxe6+ Kh8 33. g3 Re8 34. Bf4 Rxe6 35. Bxc7 Re8 36. Bxb8 Rxb8 37. Nd3 b6 38. Ne5 Rb7 39. h4 g5 40. hxg5 hxg5 41. Rc8+ Kg7 42. Ra8 Ne4 43. Rxa6 Nc3 44. Nc6 Kf6 45. f3 Kf5 46. Kf2 g4 47. Ra7 Rxa7 48. Nxa7 Nd1+ 49. Ke2 Nc3+ 50. Ke3 Nd1+ 51. Kd2 Nb2 52. fxg4+ Kxg4 53. Kc3 Nc4 54. a4 Kxg3 55. Nc8 Kf3 56. Ne7 Ke4 57. Nc6 Kf5 58. a5 bxa5 59. bxa5 Ke6 60. Kb4 Kd6 61. Kb5 Kc7 62. Nb4 Nd6+ 63. Ka4 Kb7 64. a6+ Kb6 65. Kb3 Nb5 66. Nxd5+ Kxa6 67. Nb4+ Kb6 68. d5 Kc5 1/2-1/2

[Event "Benidorm op U2300 12th"]
[Site "Benidorm"]
[Date "2013.11.29"]
[Round "1"]
[White "Castellanos Bogalo, Antonio"]
[Black "Hristodorescu, Daniel"]
[Result "0-1"]
[WhiteElo "2056"]
[BlackElo "2207"]
[PlyCount "62"]
[EventDate "2013.11.29"]
[EventType "swiss"]
[EventRounds "10"]
[EventCountry "ESP"]
[SourceTitle "CBM 157 Extra"]
[Source "ChessBase"]
[SourceDate "2013.12.19"]
[SourceVersion "1"]
[SourceVersionDate "2013.12.19"]
[SourceQuality "1"]

1. e4 c6 2. d4 d5 3. f3 Qb6 4. Nc3 e6 5. g3 Nf6 6. Qd3 dxe4 7. Nxe4 Nbd7 8. Ne2 Nxe4 9. fxe4 e5 10. c3 exd4 11. cxd4 c5 12. Nc3 cxd4 13. Nd5 Ne5 14. Qc2 Qa5+ 15. Kf2 Bd6 16. Bd2 Qd8 17. Qa4+ Nc6 18. Bg2 0-0 19. Rhf1 Bg4 20. Bf4 d3 21. Bf3 Bxf3 22. Kxf3 Bxf4 23. Nxf4 b5 24. Qd1 Ne5+ 25. Kg2 Qd4 26. Qe1 Rac8 27. Rf2 Ng4 28. Rd2 Ne3+ 29. Kf3 Nc2 30. Qg1 Qxb2 31. Rb1 Nd4+ 0-1

[Event "Benidorm op U2300 10th"]
[Site "Benidorm"]
[Date "2011.12.06"]
[Round "5"]
[White "Castellanos Bogalo, Antonio"]
[Black "Fos Santacreu, Juan Andres"]
[Result "0-1"]
[WhiteElo "2111"]
[BlackElo "2293"]
[PlyCount "44"]
[EventDate "2011.12.02"]
[EventType "swiss"]
[EventRounds "10"]
[EventCountry "ESP"]
[SourceTitle "CBM 145 Extra"]
[Source "ChessBase"]
[SourceDate "2012.01.03"]
[SourceVersion "1"]
[SourceVersionDate "2012.01.03"]
[SourceQuality "1"]

1. e4 c6 2. d4 d5 3. exd5 cxd5 4. Bd3 Nc6 5. c3 Nf6 6. Ne2 e5 7. dxe5 Nxe5 8. Bb5+ Nc6 9. Nd4 Bd7 10. 0-0 Be7 11. a4 0-0 12. Na3 a6 13. Be2 Qc7 14. Nxc6 Bxc6 15. Nc2 Bd6 16. g3 Rfe8 17. Nd4 Bd7 18. Be3 Bh3 19. Re1 Rxe3 20. fxe3 Bxg3 21. Nf3 Bxh2+ 22. Kh1 Ne4 0-1

[Event "Albacete op 18th"]
[Site "Albacete"]
[Date "2010.09.18"]
[Round "8"]
[White "Castellanos Bogalo, Antonio"]
[Black "Pardo Simon, David"]
[Result "0-1"]
[WhiteElo "2062"]
[BlackElo "2336"]
[PlyCount "123"]
[EventDate "2010.09.14"]
[EventType "swiss"]
[EventRounds "9"]
[EventCountry "ESP"]
[SourceTitle "CBM 138 Extra"]
[Source "ChessBase"]
[SourceDate "2010.10.29"]
[SourceVersion "1"]
[SourceVersionDate "2010.10.29"]
[SourceQuality "1"]

1. e4 e5 2. Nf3 Nc6 3. Nc3 Nf6 4. a3 d5 5. Bb5 Nxe4 6. Qe2 Nxc3 7. Qxe5+ Be7 8. Qxc3 0-0 9. 0-0 d4 10. Qd3 Bf6 11. b4 Ne7 12. Qb3 c6 13. Bd3 Be6 14. Qb1 Bd5 15. Ne1 Ng6 16. f4 Qd6 17. g3 a5 18. bxa5 Rxa5 19. Bb2 b5 20. c3 dxc3 21. Bxc3 Bxc3 22. dxc3 Rxa3 23. Rxa3 Qxa3 24. Qb4 Qc1 25. Qd4 Re8 26. Ng2 Qb2 27. Rf2 Qa1+ 28. Rf1 Qa8 29. Ne3 Rd8 30. Nf5 f6 31. Qb6 Qc8 32. Re1 Qd7 33. Qc5 Re8 34. Rxe8+ Qxe8 35. Kf2 Qf7 36. h4 Bh1 37. Qe3 Nf8 38. Bc2 Ne6 39. Bb3 Bd5 40. Bxd5 cxd5 41. Qb6 h6 42. Qb8+ Kh7 43. Qd6 Qa7+ 44. Kf3 Qf7 45. g4 h5 46. Ne3 hxg4+ 47. Nxg4 Nf8 48. f5 Nd7 49. Qe6 Kg8 50. Qd6 Kh7 51. Qe6 Kg8 52. Qd6 Qe8 53. Qxd5+ Kh7 54. Qe6 Qc8 55. Ne3 Ne5+ 56. Ke2 Qxc3 57. Nd5 Qf3+ 58. Ke1 Qg3+ 59. Kd1 Qxh4 60. Ne7 Qh5+ 61. Kd2 Qf7 62. Qc8 0-1

[Event "Benidorm op active"]
[Site "Benidorm"]
[Date "2009.12.05"]
[Round "1"]
[White "Castellanos Bogalo, Antonio"]
[Black "Dreev, Alexey"]
[Result "0-1"]
[WhiteElo "2083"]
[BlackElo "2660"]
[PlyCount "64"]
[EventDate "2009.12.05"]
[EventType "swiss"]
[EventRounds "11"]
[EventCountry "ESP"]
[SourceTitle "CBM 133 Extra"]
[Source "ChessBase"]
[SourceDate "2010.01.05"]
[SourceVersion "1"]
[SourceVersionDate "2010.01.05"]
[SourceQuality "1"]

1. g3 d5 2. d3 c6 3. Bg2 e5 4. f3 Nf6 5. Nh3 Bc5 6. e3 0-0 7. c3 b5 8. Nf2 a5 9. 0-0 Re8 10. d4 Bd6 11. f4 exf4 12. exf4 b4 13. Nd2 Ba6 14. Re1 Rxe1+ 15. Qxe1 Nbd7 16. Nf3 Qc7 17. Qd1 Nb6 18. Ne5 c5 19. g4 Bb7 20. Be3 Ne4 21. Rc1 bxc3 22. bxc3 Nxf2 23. Kxf2 f6 24. dxc5 Bxc5 25. Nf3 Bxe3+ 26. Kxe3 Nc4+ 27. Kf2 Qxf4 28. Rb1 Qe3+ 29. Kg3 Nd6 30. h4 Ne4+ 31. Kh2 Qf4+ 32. Kg1 Nxc3 0-1

[Event "Galapagar op 05th"]
[Site "Galapagar"]
[Date "2004.07.28"]
[Round "5"]
[White "Castellanos Bogalo, Antonio"]
[Black "Almagro Llamas, Pablo"]
[Result "0-1"]
[WhiteElo "2107"]
[BlackElo "2373"]
[PlyCount "64"]
[EventDate "2004.07.24"]
[EventType "swiss"]
[EventRounds "9"]
[EventCountry "ESP"]
[SourceTitle "CBM 101 Extra"]
[Source "ChessBase"]
[SourceDate "2004.09.01"]
[SourceVersion "2"]
[SourceVersionDate "2004.09.01"]
[SourceQuality "1"]

1. Nh3 Nf6 2. g3 d5 3. f3 h5 4. Nf2 h4 5. g4 e5 6. d3 Bc5 7. Bh3 Qe7 8. Nc3 c6 9. e4 Be6 10. Qe2 Nbd7 11. Bd2 Nh7 12. Bg2 d4 13. Ncd1 Nhf8 14. Nh3 Ng6 15. Ndf2 Ndf8 16. 0-0 Bd7 17. f4 exf4 18. Nxf4 Nxf4 19. Bxf4 Ng6 20. Nh3 Nxf4 21. Rxf4 Qe5 22. Raf1 Bd6 23. Bh1 f6 24. R4f2 0-0-0 25. Nf4 Qg5 26. h3 Rde8 27. Qf3 f5 28. exf5 Bxf5 29. Ng2 Bd7 30. Qd1 Qe5 31. Nf4 Qe3 32. Qf3 Rhf8 0-1

[Event "Barcelona Sants op 03rd"]
[Site "Barcelona"]
[Date "2001.??.??"]
[Round "?"]
[White "Castellanos Bogalo, Antonio"]
[Black "Vargas Drechsler, Carlos"]
[Result "1/2-1/2"]
[WhiteElo "2135"]
[BlackElo "2188"]
[PlyCount "31"]
[EventDate "2001.08.??"]
[EventType "swiss"]
[EventRounds "9"]
[EventCountry "ESP"]
[SourceTitle "EXT 2005"]
[Source "ChessBase"]
[SourceDate "2004.11.15"]
[SourceVersion "1"]
[SourceVersionDate "2004.11.15"]
[SourceQuality "1"]

1. e4 e5 2. Nf3 Nc6 3. Nc3 Nf6 4. a3 Bc5 5. Nxe5 Nxe5 6. d4 Bd6 7. dxe5 Bxe5 8. Bd3 Bxc3+ 9. bxc3 d5 10. exd5 Qxd5 11. 0-0 0-0 12. c4 Qh5 13. Qxh5 Nxh5 14. Rb1 b6 15. c5 Bb7 16. cxb6 1/2-1/2